| 000 | 00588nam a22002057a 4500 | ||
|---|---|---|---|
| 005 | 20251108174525.0 | ||
| 008 | 250721s2007 xx 000 0 ara d | ||
| 082 | 1 | 4 | _aط/ق/مير |
| 100 | 1 |
_aميرمان، آن _eمؤلف |
|
| 245 | 1 | 0 | _aأنا هر أزرق / |
| 264 | 1 |
_aبيروت : _bدارا لمجاني، _c2007. |
|
| 300 | _a31ص. | ||
| 490 | 0 | _aقصص لكل يوم | |
| 650 | 1 | 7 | _aالادب العربي |
| 650 | 1 | 7 | _aالاطفال |
| 653 | _aناشاون صغار (10-14) | ||
| 700 | 1 |
_aغاستي، إيريك _eرسام |
|
| 942 |
_2ddc _cBK |
||
| 999 |
_c111351 _d111351 |
||